2015 MLB Playoff Lineups - Statistics

General Stats
  • This quiz has been taken 43 times
  • The average score is 62 of 127
Answer Stats
Hint Hint Answer % Correct
Toronto Blue Jays RF Jose Bautista
95%
Texas Rangers SP Martin Perez
95%
Kansas City Royals C Salvador Perez
95%
Kansas City Royals SS Alcides Escobar
85%
Chicago Cubs 1B Anthony Rizzo
85%
Houston Astros 2B Jose Altuve
85%
Toronto Blue Jays DH Edwin Encarnacion
80%
Kansas City Royals 1B Eric Hosmer
80%
Kansas City Royals LF Alex Gordon
75%
New York Yankees DH Alex Rodriguez
75%
Los Angeles Dodgers SP Clayton Kershaw
75%
Chicago Cubs SS Javier Baez
75%
Toronto Blue Jays 3B Josh Donaldson
75%
Chicago Cubs 3B Kris Bryant
75%
Kansas City Royals CF Lorenzo Cain
75%
St. Louis Cardinals C Yadier Molina
75%
Los Angeles Dodgers 1B Adrian Gonzalez
70%
Kansas City Royals 2B Ben Zobrist
70%
Houston Astros SS Carlos Correa
70%
New York Mets 3B David Wright
70%
Houston Astros RF George Springer
70%
Chicago Cubs SP Jake Arrieta
70%
New York Mets 1B Lucas Duda
70%
Kansas City Royals 3B Mike Moustakas
70%
Texas Rangers SS Elvis Andrus
65%
New York Mets SP Jacob deGrom
65%
Chicago Cubs SP Jon Lester
65%
New York Yankees SP Masahiro Tanaka
65%
New York Mets SP Matt Harvey
65%
Toronto Blue Jays C Russell Martin
65%
Los Angeles Dodgers SP Zack Greinke
65%
Pittsburgh Pirates CF Andrew McCutchen
60%
Los Angeles Dodgers SS Corey Seager
60%
New York Mets RF Curtis Granderson
60%
New York Mets 2B Daniel Murphy
60%
Toronto Blue Jays SP David Price
60%
Pittsburgh Pirates SP Gerrit Cole
60%
St. Louis Cardinals CF Jason Heyward
60%
Kansas City Royals SP Johnny Cueto
60%
Los Angeles Dodgers 3B Justin Turner
60%
St. Louis Cardinals 3B Matt Carpenter
60%
New York Mets SP Noah Syndergaard
60%
Pittsburgh Pirates 1B Pedro Alvarez
60%
New York Mets C Travis d’Arnaud
60%
Toronto Blue Jays SS Troy Tulowitzki
60%
New York Mets CF Yoenis Cespedes
60%
New York Yankees LF Brett Gardner
55%
New York Yankees RF Carlos Beltran
55%
Houston Astros SP Dallas Keuchel
55%
Chicago Cubs CF Dexter Fowler
55%
Kansas City Royals SP Edinson Volquez
55%
Houston Astros C Jason Castro
55%
New York Yankees MGR Joe Girardi
55%
Chicago Cubs MGR Joe Maddon
55%
Texas Rangers LF Josh Hamilton
55%
Chicago Cubs SP Kyle Hendricks
55%
St. Louis Cardinals LF Matt Holliday
55%
New York Mets LF Michael Conforto
55%
Pittsburgh Pirates 2B Neil Walker
55%
Texas Rangers 2B Rougned Odor
55%
Chicago Cubs 2B Starlin Castro
55%
New York Mets MGR Terry Collins
55%
Kansas City Royals SP Yordano Ventura
55%
New York Yankees C Brian McCann
50%
New York Yankees SS Didi Gregorius
50%
New York Yankees CF Jacoby Ellsbury
50%
St. Louis Cardinals SP John Lackey
50%
St. Louis Cardinals 2B Kolten Wong
50%
Kansas City Royals MGR Ned Yost
50%
New York Mets SS Wilmer Flores
50%
New York Yankees 3B Chase Headley
45%
Texas Rangers SP Cole Hamels
45%
Chicago Cubs SP Jason Hammel
45%
Kansas City Royals DH Kendrys Morales
45%
Toronto Blue Jays CF Kevin Pillar
45%
Chicago Cubs LF Kyle Schwarber
45%
St. Louis Cardinals MGR Mike Matheny
45%
Toronto Blue Jays SP R.A. Dickey
45%
Texas Rangers RF Shin-Soo Choo
45%
New York Mets SP Stephen Matz
45%
Kansas City Royals RF Alex Rios
40%
Los Angeles Dodgers RF Andre Ethier
40%
Houston Astros DH Evan Gattis
40%
Los Angeles Dodgers CF Kike Hernandez
40%
Toronto Blue Jays SP Marcus Stroman
40%
Los Angeles Dodgers C Yasmani Grandal
40%
Houston Astros MGR A.J. Hinch
35%
Los Angeles Dodgers LF Carl Crawford
35%
Houston Astros CF Carlos Gomez
35%
Houston Astros 1B Chris Carter
35%
Houston Astros LF Colby Rasmus
35%
St. Louis Cardinals SP Jaime Garcia
35%
Pittsburgh Pirates 3B Josh Harrison
35%
Chicago Cubs C Miguel Montero
35%
Texas Rangers 1B Mitch Moreland
35%
Texas Rangers C Robinson Chirinos
35%
Pittsburgh Pirates LF Starling Marte
35%
Kansas City Royals SP Chris Young
30%
Los Angeles Dodgers MGR Don Mattingly
30%
Pittsburgh Pirates C Francisco Cervelli
30%
New York Yankees 1B Greg Bird
30%
Los Angeles Dodgers 2B Howie Kendrick
30%
St. Louis Cardinals SS Jhonny Peralta
30%
Houston Astros SP Lance McCullers Jr.
30%
St. Louis Cardinals SP Michael Wacha
30%
Toronto Blue Jays 2B Ryan Goins
30%
Toronto Blue Jays LF Ben Revere
25%
Toronto Blue Jays 1B Chris Colabello
25%
Texas Rangers CF Delino DeShields
25%
Texas Rangers SP Derek Holland
25%
Toronto Blue Jays MGR John Gibbons
25%
Chicago Cubs RF Jorge Soler
25%
Toronto Blue Jays SP Marco Estrada
25%
Texas Rangers DH Prince Fielder
25%
Los Angeles Dodgers SP Brett Anderson
20%
Pittsburgh Pirates MGR Clint Hurdle
20%
Houston Astros SP Collin McHugh
20%
Pittsburgh Pirates RF Gregory Polanco
20%
Texas Rangers MGR Jeff Banister
20%
Pittsburgh Pirates SS Jordy Mercer
20%
Texas Rangers 3B Hanser Alberto
15%
St. Louis Cardinals RF Randal Grichuk
15%
St. Louis Cardinals 1B Stephen Piscotty
15%
Houston Astros SP Scott Kazmir
10%
Texas Rangers SP Yovani Gallardo
10%
Houston Astros 3B Luis Valbuena
5%
New York Yankees 2B Rob Refsnyder
0%
No matching quizzes found
Score Distribution
Percent of People with Each Score
Percentile by Number Answered
Your Score History
You have not taken this quiz